Manažment vzťahov s dodávateľmi vo vybranom odvetví diplomová práca

Guardado en:
Detalles Bibliográficos
Autor principal: Střelec, Lukáš
Autor Corporativo: Obchodná fakulta EU. Katedra marketingu
Otros Autores: Oreský, Milan, 1956-
Formato: Libro
Lenguaje:eslovaco
Publicado: Bratislava 2020
Etiquetas: Agregar Etiqueta
Sin Etiquetas, Sea el primero en etiquetar este registro!

MARC

LEADER 00000nbm a2200000 4500
001 0266346
005 20201006135821.9
041 0 |a slo 
044 |a SK 
245 1 0 |a Manažment vzťahov s dodávateľmi vo vybranom odvetví  |b diplomová práca  |c Lukáš Střelec ; školiteľ: Milan Oreský 
264 1 |a Bratislava  |c 2020 
300 |a 53 s. 
100 1 |a Střelec, Lukáš 
700 1 |a Oreský, Milan, 1956- 
710 2 |a Obchodná fakulta EU. Katedra marketingu